00544nam a2200193 a 4500001001300000003000900013005001700022008004100039020001000080082002200090100002300112245008000135260003900215300000800254500003500262505001100297650001900308700002300327nice12345678IN_TiNIC20260116014739.0050524s1986 hyda grp 000 0 eng  ac22500a750.11954025bKHA aKhandalavala, Karl aGulshan-E-Musawwari, Seven Illustrated Manuscripts from the Salar Jung Muse aHyderabadbSalar Jung Museumc1986 a59p aincludes index and biblioraphy2 aPlates aPainting-India1 aKhandalavala, Karl